La catedral gótica: los orígenes de la arquitectura gótica y el concepto medieval de orden

Furkejuvvon:
Bibliográfalaš dieđut
Váldodahkki: Simson, Otto Von (Dahkki)
Materiálatiipa: Girji
Giella:espánnjágiella
Almmustuhtton: Madrid Alianza 1980
Ráidu:Alianza Forma, 10
Fáttát:
Liŋkkat:Disponible Online - La Forma Gótica pp.25-42
Fáddágilkorat: Lasit fáddágilkoriid
Eai fáddágilkorat, Lasit vuosttaš fáddágilkora!

MARC

LEADER 00000nam a2200000 a 4500
001 UCG4499
003 CL-VaPUC
005 20240729115557.0
008 101104e19800000SP |||||||||||||||||spa|d
999 |c 343201  |d 343199 
020 |a 8420670103 
040 |c Pontificia Universidad Católica de Valparaíso 
082 0 4 |a 726.6  |b SIM  |2 21 
100 0 |a Simson, Otto Von  |e author  |9 553803 
245 1 3 |a La catedral gótica: los orígenes de la arquitectura gótica y el concepto medieval de orden 
260 |a Madrid  |b Alianza  |c 1980 
300 |a 290 p 
490 0 |a Alianza Forma, 10 
583 |a last modification  |c 20101104 00:00:00  |k Rodrigo Vera 
650 7 |a CATEDRALES  |2 CL-VaPUC  |9 267660 
650 0 |a Arquitectura gótica  |9 265519 
650 0 |a Arte gótico  |9 265512 
650 0 |a Arquitectura medieval   |9 267661 
650 0 |a Arquitectura religiosa  |9 266677 
852 |a BIBCUR 
856 |u http://bibliografiadigital.pucv.cl.pucv.idm.oclc.org/index.php/bibliotecapucv/catalog/book/132  |y Disponible Online - La Forma Gótica pp.25-42 
942 |c BK  |2 ddc 
945 |d 20101104 00:00:00  |a mfarfan 
952 |0 0  |1 0  |4 0  |6 726_600000000000000_SIM_1980  |7 0  |8 A  |9 440299  |a BIBHIS  |b BIBHIS  |d 2019-11-22  |i 4730771  |l 10  |m 1  |o 726.6 SIM 1980  |p 4730771  |r 2025-04-09  |s 2025-04-07  |w 2019-11-22  |y BK  |k HIS